Quizzes
Events
Quiz Creation
Community
Videos
Private Events
Remove Ads
Sign In
Join for FREE
Feedback
Dark Mode
Quiz Categories
Sports
Geography
Music
Movies
Television
Just For Fun
Miscellaneous
History
Literature
Language
Science
Gaming
Entertainment
Religion
Holiday
For Kids
Quiz Lab
Recent
Popular Today
Quiz Kudos Today
Editor Picks
Curator Picks
Quizzes by...
Day
Popularity
Type
Ratings
Length
Year
Community
Subscriptions
Recent Discussions
Orange Saloon
Badges
Playlists
Quests
Create
Leaderboards
Showdown
Live 5
Trivia Bingo
Activity
Puzzle Library
Sporcle Events
Private Events
Virtual Trivia
Globe League
Become a Host
Pub Owners
SporcleCon
Opinionation
Our Games
Videos
Blog
Mobile Apps
Partnerships
Remove Ads and Go Orange
Feedback
Science
Computer
Plants
Astronomy
Chemistry
Elements
Math
Animal
Physics
Anatomy
Biology
Geology
General Science
Science
Computer
Plants
Astronomy
Chemistry
Elements
Math
Animal
Physics
Anatomy
Biology
Geology
General Science
Random Quiz
Search Sporcle
×
Quiz Lab
Quiz Lab
Science
United States
Type in answers that appear in a list
Type in answers that appear in a list
Classic
Best Score? Go Orange.
Airlines - Cleveland Hopkins International Airport Stats
Can you name the Airlines - Cleveland Hopkins International Airport?
By
tallonator
20m
12 Questions
170 Plays
170 Plays
170 Plays
Comments
Comments
Give Quiz Kudos
Give Quiz Kudos
-
- Ratings
hide this ad
Replay
Link that replays current quiz
Next Quiz
Link to next quiz in quiz playlist
You Got
0%
They Got
Avg Score
61%
Avg Friend Score
Upgrade to see
Score Distribution
Jump to the score distribution portion of the page
Score
0/12
Timer
20:00
0
Plays Today
Hub/Non
Airline
% Correct
Non
American Airlines
96.5%
Non
Delta
95.9%
Hub
United
95.3%
Non
Southwest Airlines
91.2%
Non
Frontier Airlines
81.8%
Non
Air Canda Jazz
70.6%
Non
US Airways
62.9%
Non
American Eagle
42.4%
Hub
United Express
41.2%
Non
Delta Connection
37.1%
Non
US Airways Express
23.5%
Non
Vision Airlines
2.4%
Quiz Playlist
Details
Report
Send in Message
Add To Playlist
Classic:
Type in answers that appear in a list
Last Updated: Feb 16, 2017
Quiz Scoreboard
CHALLENGE
Sign Up to Join the Scoreboard
Show All
Scores
Hide
Comments
May contain spoilers
Recently Published
College Basketball Coaching Resumes
by pancakes188
Sports
9m
Billboard Blitz: Fleetwood Mac
by CooCooCachoo
Music
15s
Presidents Visiting Landmarks
by Hejman
History
7m
More to Explore
Quiz From the Vault
Featured Blog Post
Where Did the Easter Bunny Come From?
hide this ad
You Might Also Like...
Tags
Nintendo Quiz
United States Quiz
Airline Hubs
Airlines Names
Airlines Serving
airport
Airport City
hub
largest
Largest City
Today's Top Quizzes in Science
Browse Science
hide this ad
Today's Top Quizzes in United States
Browse United States
Top Contributed Quizzes in Science
1
Quick Pick: Radians
2
Quick Pick: 'CI-CJ' Animals
3
The First 100 Digits of Pi
4
Elements In Images
5
One Thing in Common: Science
6
Name the Acid, Base or Salt
7
Science Jokes
8
One Thing in Common: Science III
9
One Thing in Common: Science II
10
One Thing in Common: Animals
Explore More
Trending Topics
Disney
Harry Potter
Kpop
Anime
Marvel
Crossword
NBA
Puzzle
Pokémon
WWE
NFL
The Office
Country
Song
Soccer
hide this ad
More By:
tallonator
Quiz
Plays
Rating
Category
Featured
Created
20 Largest 'S' US Metro Areas
71,995
4.31
Geography
Jan 1, 2013
Cars Available in 1920
22,339
4.55
History
Mar 31, 2015
World's Fairs
19,732
4.33
History
Nov 1, 2011
Star Wars Line Assignments
16,009
4.51
Movies
Sep 10, 2017
Steven Spielberg Best Director Golden Globe Wins & Noms
4,607
4.43
Movies
Sep 2, 2017
Go to Creator's Profile
Score Distribution
Quiz Creator Spotlight
tallonator
Follow
Send a Message
Quizzes Created
-
Created Quiz Play Count
-
More By This Creator
Popular Quizzes Today
1
Find the US States - No Outlines Minefield
2
Find the Countries of Europe - No Outlines Minefield
3
The Countries of the World
4
Find the US States
5
Risky Map Clicking: Biggest States A-Z
6
US States
7
Popular People in 1961
8
Movies - When Are They Set?
More Science Quizzes
Who Is That South American Animal?
Published
Trending Quizzes
Risky Map Clicking: Least Populous States A-Z
1-10 Letter G Words
1-10 Letter F Words
Risky Map Clicking: Next State Alphabetically
Click the Washington State Counties! (Map)
Recently Updated
Leaping Animals
pecheneg
Reality TV Shows (A-Z)
bhenderson79
Rickey Henderson's Hall of Fame Teammates
pecheneg
Champions League XIs: Arsenal
pecheneg
Quick Pick: Celebrities in WWE's Hall of Fame
aduchscher
A-Z Keypad Blitz II
pecheneg
Multiple Oscar Actors
pecheneg
Mystery Phrase Blitz: Oscar 'Best Actors'
pecheneg
F. Scott Fitzgerald Novels
LTH
Pick 3 Villains
ddd62291
Trending Topics
Marvel
Anime
Crossword
Kpop
Harry Potter
NBA
Disney
Song
WWE
Puzzle
NFL
The Office
Soccer
Pokémon
Country
Your Account Isn't Verified!
In order to create a playlist on Sporcle, you need to verify the email address you used during registration. Go to your
Sporcle Settings
to finish the process.
Report this User
Report this user for behavior that violates our
Community Guidelines
.
Details:
Send Report
Go to the Sporcle.com Mobile Site →
Comments